|
|
|
|
| LEADER |
00964nam a22002657a 4500 |
| 001 |
3678 |
| 003 |
BD-DhAAL |
| 005 |
20151226190930.0 |
| 008 |
151226s 1996naua|||| b||| 001 0 eng d |
| 020 |
|
|
|a 1561344095
|
| 040 |
|
|
|a BD-DhAAL
|c BD-DhAAL
|
| 082 |
|
|
|a 320.973
|
| 100 |
|
|
|a Ross, Robert S.
|9 16978
|
| 245 |
|
|
|a American national government :
|b institutions, policy, and participation /
|c Robert S. Ross
|
| 250 |
|
|
|a 4th ed.
|
| 260 |
|
|
|a New York :
|b McGraw Hill,
|c c1996
|
| 300 |
|
|
|a xvii, 394 p. :
|b ill. ;
|c 24 cm.
|
| 504 |
|
|
|6 Includes bibliographic references and index.
|
| 541 |
|
|
|e 3678
|
| 650 |
|
|
|a Politics and government
|9 16979
|
| 651 |
|
|
|a United States
|x Politics and government.
|9 16980
|
| 651 |
|
|
|a United States
|9 16981
|
| 942 |
|
|
|2 ddc
|c BK
|
| 999 |
|
|
|c 36450
|d 36450
|
| 952 |
|
|
|0 0
|1 0
|2 ddc
|4 0
|6 320_973000000000000_ROS
|7 0
|9 57366
|a SCL
|b SCL
|c GEN
|d 2015-12-26
|e Gift: The Asia Foundation
|l 0
|o 320.973 ROS
|p 3020003678
|r 2015-12-26
|t 1
|w 2015-12-26
|y BK
|